Geography Quiz

Random Geography or City Quiz

Erase the Americas by Capital Quiz Stats

 Plays Quiz Updated Jan 21, 2019

Support Sporcle.
Go Orange.
Score 0/35 Timer 07:00
44 Plays Today
% Correct
???
45.9%
???
45.8%
???
45.4%
???
44.8%
???
43.6%
???
42.8%
???
42%
???
41.4%
???
41.1%
???
39.3%
???
37.9%
???
36.6%
???
36.2%
???
35.7%
???
35.5%
???
35.2%
???
35%
???
34.4%
% Correct
???
34.1%
???
32.2%
???
31.3%
???
29.1%
???
27.4%
???
27%
???
26.8%
???
25.7%
???
25.3%
???
24%
???
20.1%
???
16.2%
???
16%
???
15.6%
???
15.5%
???
14.7%
???
13.8%

You're not logged in!

Compare scores with friends on all Sporcle quizzes.
OR
Log In

From the Vault

Mythical Creatures

by Matt

If you ever cross paths with any of the creatures from this quiz in your daily travels, please take a photograph and send it to us.
Remove Ads.
Support Sporcle.
Get the best of Sporcle when you Go Orange. This ad-free experience offers more features, more stats, and more fun while also helping to support Sporcle. Thank you for becoming a member.

Show Comments

Extras

Top Quizzes Today


Score Distribution

Your Account Isn't Verified!

In order to create a playlist on Sporcle, you need to verify the email address you used during registration. Go to your Sporcle Settings to finish the process.

Report this User

Report this user for behavior that violates our Community Guidelines.

Details: